| 000 | 01096nam a22002657a 4500 | ||
|---|---|---|---|
| 999 |
_c47131 _d47131 |
||
| 001 | 20780 | ||
| 003 | CO-MdFUSB | ||
| 005 | 20180622073209.0 | ||
| 008 | 160823t2006 enk||||| |||| 00| 0 eng d | ||
| 020 | _a0-281-05868-7 | ||
| 040 |
_aCO-MdFUSB _bEspañol _cCO-MdFUSB _dCO-MdFUSB _erda |
||
| 041 | _aeng | ||
| 082 |
_224 _aG 229.8 _bW9471j |
||
| 100 | 1 |
_aWright, Tom _eautor |
|
| 245 | 1 | 0 |
_aJudas and the gospel of Jesus _b:Understanding a newly discovered ancient text and its contemporary significance _c/Tom Wright |
| 264 | 4 |
_aLondon : _bSPCK, _c©2006 |
|
| 300 |
_a88 páginas : _c20 cm. |
||
| 336 |
_2rdacontent _atexto _btxt |
||
| 337 |
_2rdamedia _asin mediación _bn |
||
| 338 |
_2rdacarrier _avolumen _bnc |
||
| 500 | _aRústico | ||
| 501 | _a¿Otro nuevo evangelio? -- Gnosticismo del siglo II -- El Judas de la fe y el Iscariote de la historia -- ¿Cuándo es un evangelio no un evangelio? -- Señor del mundo o alguien que escapa del mundo -- El nuevo mito de los orígenes cristianos -- El desafío de "Judas" para hoy | ||
| 650 | 7 |
_9279 _aEvangelios apócrifos _bJudas |
|
| 942 | _cBK | ||